Vimarśanattinr̲e pr̲aśnaṅṅaḷ. (Record no. 61497)
[ view plain ]
| 000 -LEADER | |
|---|---|
| fixed length control field | 00526cam a22002171 4500 |
| 001 - CONTROL NUMBER | |
| control field | sa 65000313 |
| 003 - CONTROL NUMBER IDENTIFIER | |
| control field | DLC |
| 005 - DATE AND TIME OF LATEST TRANSACTION | |
| control field | 20260227112102.0 |
| 008 - FIXED-LENGTH DATA ELEMENTS--GENERAL INFORMATION | |
| fixed length control field | 890718s1963 ii 000 0 malo |
| 010 ## - LIBRARY OF CONGRESS CONTROL NUMBER | |
| LC control number | sa 65000313 |
| 035 ## - SYSTEM CONTROL NUMBER | |
| System control number | (OCoLC)20025848 |
| 040 ## - CATALOGING SOURCE | |
| Original cataloging agency | DLC |
| Transcribing agency | WaU |
| Modifying agency | DLC |
| 042 ## - AUTHENTICATION CODE | |
| Authentication code | premarc |
| 050 00 - LIBRARY OF CONGRESS CALL NUMBER | |
| Classification number | PK2418.M4 |
| Item number | V5 |
| 100 1# - MAIN ENTRY--PERSONAL NAME | |
| Personal name | Menon, M. S. |
| 245 10 - TITLE STATEMENT | |
| Title | Vimarśanattinr̲e pr̲aśnaṅṅaḷ. |
| 260 ## - PUBLICATION, DISTRIBUTION, ETC. | |
| Date of publication, distribution, etc. | [1963] |
| 300 ## - PHYSICAL DESCRIPTION | |
| Extent | 107 p. |
| Dimensions | 19 cm. |
| 500 ## - GENERAL NOTE | |
| General note | In Malayalam. |
| 650 #0 - SUBJECT ADDED ENTRY--TOPICAL TERM | |
| Topical term or geographic name entry element | Indic literature. |
No items available.